Pokémon - Groupe d'œuf Inconnu - Statistiques

Statistiques générales
  • Ce quiz a été pris 27 fois
    26 depuis la dernière actualisation
  • Le résultat moyen est 114 sur 151
Statistiques - réponses
Pokémon % Correct
Celebi
100%
Cobaltium
100%
Cresselia
100%
Darkrai
100%
Deoxys
100%
Dialga
100%
Entei
100%
Genesect
100%
Giratina
100%
Groudon
100%
Heatran
100%
Ho-Oh
100%
Kyogre
100%
Latias
100%
Latios
100%
Lugia
100%
Mew
100%
Mewtwo
100%
Palkia
100%
Raikou
100%
Rayquaza
100%
Regigigas
100%
Regirock
100%
Registeel
100%
Shaymin
100%
Suicune
100%
Sulfura
100%
Victini
100%
Xerneas
100%
Yveltal
100%
Arceus
88%
Artikodin
88%
Cosmog
88%
Créfadet
88%
Créfollet
88%
Créhelf
88%
Électhor
88%
Koraidon
88%
Kyurem
88%
Lunala
88%
Miraidon
88%
Regice
88%
Regidrago
88%
Regieleki
88%
Reshiram
88%
Solgaleo
88%
Zacian
88%
Zamazenta
88%
Zekrom
88%
Zygarde
88%
Ama-Ama
75%
Azurill
75%
Blizzeval
75%
Boréas
75%
Câblifère
75%
Cancrelove
75%
Cosmovum
75%
Démétéros
75%
Diancie
75%
Élekid
75%
Engloutyran
75%
Fulguris
75%
Hoopa
75%
Jirachi
75%
Keldeo
75%
Magby
75%
Magearna
75%
Mandrillon
75%
Marshadow
75%
Mélo
75%
Meloetta
75%
Mime Jr.
75%
Mouscoto
75%
Necrozma
75%
Nidoqueen
75%
Nidorina
75%
Ogerpon
75%
Pichu
75%
Pierroteknik
75%
Riolu
75%
Shifours
75%
Spectreval
75%
Sylveroy
75%
Terrakium
75%
Togepi
75%
Tokopisco
75%
Tokopiyon
75%
Tokorico
75%
Tokotoro
75%
Vémini
75%
Viridium
75%
Volcanion
75%
Wushours
75%
Zarude
75%
Zéroïd
75%
Amovénus
63%
Babimanta
63%
Bamboiselle
63%
Baojian
63%
Chef-de-Fer
63%
Chongjian
63%
Dinglu
63%
Épine-de-Fer
63%
Éthernatos
63%
Favianos
63%
Félicanis
63%
Feu-Perçant
63%
Flotte-Mèche
63%
Fongus-Furie
63%
Fort-Ivoire
63%
Fortusimia
63%
Garde-de-Fer
63%
Goinfrex
63%
Hotte-de-Fer
63%
Hurle-Queue
63%
Ire-Foudre
63%
Katagami
63%
Korillon
63%
Lippouti
63%
Manzaï
63%
Melmetal
63%
Meltan
63%
Mite-de-Fer
63%
Paume-de-Fer
63%
Pêchaminus
63%
Pelage-Sablé
63%
Rampe-Ailes
63%
Roc-de-Fer
63%
Roue-de-Fer
63%
Rugit-Lune
63%
Serpente-Eau
63%
Silvallié
63%
Terapagos
63%
Têtes-de-Fer
63%
Toxizap
63%
Type:0
63%
Vert-de-Fer
63%
Yuyu
63%
Zeraora
63%
Debugant
50%
Mordudor
50%
Okéoké
50%
Ptiravi
50%
Rozbouton
50%
Toudoudou
50%
Zarbi
50%
Galvagla
38%
Galvagon
38%
Gromago
38%
Hydragla
38%
Hydragon
38%
Aucun quiz correspondant
Distribution des résultats
% des personnes avec chaque résultat
Percentile par nombre de réponses
Votre historique - résultats
Vous n’avez pas pris ce quiz depuis la dernière actualisation